El Delito Culposo / (Registro nro. 31015)
[ vista simple ]
| 000 -CABECERA | |
|---|---|
| Longitud fija campo de control | 00839nam a2200193 a 4500 |
| 003 - • IDENTIFICADOR DELl NÚMERO DE CONTROL | |
| Identificador del número de control | CO-ViMGA |
| 008 - • CÓDIGOS DE INFORMACIÓN DE LONGITUD FIJA | |
| Códigos de información de longitud fija | 141112s2004 ck r 000 u spa d |
| 020 ## - • NÚMERO INTERNACIONAL NORMALIZADO PARA LIBROS | |
| Número Internacional Normalizado para Libros (ISBN) | 9586906639 |
| 040 ## - FUENTE DE LA CATALOGACIÓN | |
| Centro catalogador de origen | CO-ViMGA |
| Lengua de catalogación | spa |
| Centro transcriptor | CO-ViMGA |
| 082 04 - • NÚMERO DE LA CLASIFICACIÓN DECIMAL DEWEY | |
| Número de clasificación (R) | 345.02 G659d |
| 100 1# - • PUNTO DE ACCESO PRINCIPAL-NOMBRE DE PERSONA | |
| Nombre de persona | Gonzalez Navarro, Antonio Luis |
| 245 10 - • TITULO PROPIAMENTE DICHO | |
| Título | El Delito Culposo / |
| Mención de responsabilidad, etc. | Antonio Luis Gonzalez Navarro |
| 300 ## - • DESCRIPCIÓN FÍSICA | |
| Extensión | 503 p. 23 cm |
| 505 ## - • NOTA DE CONTENIDO CON FORMATO | |
| Nota de contenido con formato | Aspecto historico y universal de la culpa o imprudencia, Evolucion legislativa de la conducta culposa punible en colombia, Sistemas de incriminacion en el delito culposo, Dogmatica clasica, Esquema neoclasico del delito, Evolucion moderna sobre la teoria de la conducta punible culposa |
| 650 14 - • PUNTO DE ACCESO ADICIONAL DE MATERIA - TÉRMINO DE MATERIA | |
| Término de materia o nombre geográfico como elemento inicial | CULPA JURIDICA, DELITOS CULPOSOS - LEGISLACION, DELITOS |
| 942 ## - ENTRADA DE ELEMENTOS AGREGADOS (KOHA) | |
| Fuente de clasificaión o esquema | Dewey Decimal Classification |
| Koha [por defecto] tipo de item | LIbro |
| Perdido | Fuente de clasificación o esquema | Estado Físico | No para préstamo | Forma de adquisición | Localización permanente | Localización actual | Fecha adquisición | Serie de enumeración / cronolog&íacute;a | Préstamos totales | Signatura completa | Código de barras | Fecha última consulta | Número de copia | Fecha del precio de reemplazo | Tipo de item de Koha |
|---|---|---|---|---|---|---|---|---|---|---|---|---|---|---|---|
| Dewey Decimal Classification | Sala Especializada Tercer Piso | Biblioteca Pública Germán Arciniegas - Villavicencio | Biblioteca Pública Germán Arciniegas - Villavicencio | 12/04/2015 | Tomo. 1 | 06/oct/2009 | 345.02 G659d | 22717 | 12/04/2015 | Ej. 1 | 12/04/2015 | LIbro |